000 00679nam a22001577a 4500
003 NUST
038 _aNusrat Nadeem
082 _a200
100 _aGondal, Nouman Azfar
_9134431
245 _aANALYSIS AND EVALUATION OF EXISTING ASPECTS OF OPERATIONS MANAGEMENT, LEADING TO AN UNDERUTILIZED DESIGN CAPACITY; AND APPLICATION OF APPROPRIATE TOOLS TO ENHANCE OPERATIONAL EFFICIENCY, PRODUCTION AND QUALITY MANAGEMENT/
_cNouman Azfar Gondal,
264 _aIslamabad:
_bNBS NUST,
_c2026.
650 _a Executive MBA
_9120079
700 _aSupervisor: Dr. Yasmine Muhammad Javaid Iqbal
_9118386
856 _u http://10.250.8.41:8080/xmlui/handle/123456789/57691
942 _2ddc
_cSC
999 _c617430
_d617430